[Event "FRA-ch U12"]
[Site "Agen"]
[Date "2024.04.16"]
[Round "4"]
[White "Nott Peralta, Gabriel"]
[Black "Aeschbacher, Dimitri"]
[Result "0-1"]
[WhiteElo "1806"]
[BlackElo "1959"]
[PlyCount "92"]
[EventDate "2024.04.14"]
[EventType "swiss"]
[EventRounds "9"]
[EventCountry "FRA"]
[SourceTitle "EXT 2025"]
[Source "ChessBase"]
[SourceDate "2024.10.14"]
[SourceVersion "1"]
[SourceVersionDate "2024.10.14"]
[SourceQuality "1"]

1. d4 Nf6 2. Nf3 e6 3. e3 c5 4. Bd3 d5 5. b3 Nc6 6. Bb2 Bd6 7. a3 0-0 8. Nbd2 b6 9. 0-0 Bb7 10. Qe2 Bc7 11. Ne5 Ne7 12. f4 Ne4 13. Rad1 f6 14. Ng4 f5 15. Ne5 Bxe5 16. fxe5 Nxd2 17. Qxd2 Qc7 18. Qe2 Rac8 19. c4 dxc4 20. Bxc4 Bd5 21. Bxd5 Nxd5 22. Rc1 Qe7 23. Rfd1 cxd4 24. exd4 f4 25. Rxc8 Rxc8 26. Rc1 Rf8 27. Qf3 Qh4 28. Qf2 Qg5 29. Qf3 Qf5 30. a4 g5 31. h3 Qg6 32. Ba3 Rd8 33. g3 fxg3 34. Qxg3 Nf4 35. Qe3 Qh5 36. Kh2 Rxd4 37. Rc8+ Kg7 38. Rc7+ Kg6 39. Bf8 Kf5 40. Rc4 Rxc4 41. bxc4 g4 42. Bb4 Qxh3+ 43. Qxh3 Nxh3 44. c5 bxc5 45. Bxc5 a6 46. Kg3 Ng5 0-1